000 00668cam a2200181 4500
001 2459
005 20181127165148.0
008 751120s1976 nyu 000 1 eng
010 _a 75041339
020 _a0024115118 (pbk.)
020 _a0024115215
100 1 _aSkinner, B. F.
_q(Burrhus Frederic),
_d1904-1990.
245 1 0 _aWalden Two /
_cB. F. Skinner, with an introduction by the author.
260 _aNew York :
_bMacmillan,
_cc1962.
300 _a 320 p. ;
_c22 cm.
500 _aA controversial novel of morality and immorality in a scientifically-shaped utopia.
600 _aSkinner, B. F. (Burrhus Frederic), 1904-1990.
_b
_c
_d
_e
_f
_k
_l
_m
_n
_o
_p
_q
_r
_s
_t
_v
_x
_y
_z
_2
999 _c1968
_d1968